Goods and Services Tax : GST (Record no. 231806)
[ view plain ]
| 000 -LEADER | |
|---|---|
| fixed length control field | 00626nam a22002177a 4500 |
| 005 - DATE AND TIME OF LATEST TRANSACTION | |
| control field | 20240913125950.0 |
| 008 - FIXED-LENGTH DATA ELEMENTS--GENERAL INFORMATION | |
| fixed length control field | 240913b ||||| |||| 00| 0 eng d |
| 020 ## - INTERNATIONAL STANDARD BOOK NUMBER | |
| International Standard Book Number | 9789386830005 |
| 040 ## - CATALOGING SOURCE | |
| Transcribing agency | AL |
| 041 ## - LANGUAGE CODE | |
| Language code of text/sound track or separate title | English |
| 082 ## - DEWEY DECIMAL CLASSIFICATION NUMBER | |
| Edition number | 23 |
| Classification number | 657.46 |
| Item number | MEHG |
| 100 ## - MAIN ENTRY--PERSONAL NAME | |
| Personal name | H C Mehrotra and others |
| 100 ## - MAIN ENTRY--PERSONAL NAME | |
| 9 (RLIN) | 179113 |
| 245 ## - TITLE STATEMENT | |
| Title | Goods and Services Tax : GST |
| 260 ## - PUBLICATION, DISTRIBUTION, ETC. | |
| Place of publication, distribution, etc. | Agra |
| Name of publisher, distributor, etc. | Sahitya Bhawan Publications |
| Date of publication, distribution, etc. | 2024 |
| 300 ## - PHYSICAL DESCRIPTION | |
| Extent | 301 p. |
| Other physical details | PB |
| Dimensions | 24x17 cm. |
| 365 ## - TRADE PRICE | |
| Price type code | 3671 |
| Price amount | ₹138.00 |
| Currency code | ₹ |
| Unit of pricing | ₹275.00 |
| Price note | 20% |
| Price effective from | 06-09-2024 |
| 650 ## - SUBJECT ADDED ENTRY--TOPICAL TERM | |
| Topical term or geographic name entry element | GST |
| 9 (RLIN) | 179106 |
| 700 ## - ADDED ENTRY--PERSONAL NAME | |
| Personal name | MEHROTRA (H C) |
| 9 (RLIN) | 179107 |
| 700 ## - ADDED ENTRY--PERSONAL NAME | |
| Personal name | AGARWAL (V P) |
| 9 (RLIN) | 179108 |
| 942 ## - ADDED ENTRY ELEMENTS (KOHA) | |
| Source of classification or shelving scheme | Dewey Decimal Classification |
| Koha item type | Book |
| Withdrawn status | Lost status | Source of classification or shelving scheme | Damaged status | Not for loan | Collection code | Home library | Current library | Date acquired | Source of acquisition | Cost, normal purchase price | Total Checkouts | Full call number | Barcode | Date last seen | Date last checked out | Cost, replacement price | Price effective from | Koha item type |
|---|---|---|---|---|---|---|---|---|---|---|---|---|---|---|---|---|---|---|
| Dewey Decimal Classification | Commerce | St Aloysius Library | St Aloysius Library | 09/13/2024 | Biblios Book Point Surathkal 575014 | 220.00 | 1 | 657.46 MEHG | 077325 | 03/07/2025 | 02/28/2025 | 275.00 | 09/13/2024 | Book | ||||
| Dewey Decimal Classification | Commerce | St Aloysius Library | St Aloysius Library | 09/13/2024 | Biblios Book Point Surathkal 575014 | 220.00 | 657.46 MEHG | 077326 | 09/13/2024 | 275.00 | 09/13/2024 | Book |